La atención a la situación del mundo en la situación del mundo en la educación de los futuros ciudadanos y ciudadanas (Record no. 61561)

MARC details
000 -CABECERA
campo de control de longitud fija 00625nam a2200205 a 4500
005 - FECHA Y HORA DE LA ÚLTIMA TRANSACCIÓN
campo de control 20210219152819.0
008 - ELEMENTOS DE LONGITUD FIJA--INFORMACIÓN GENERAL
campo de control de longitud fija 991125n 000 0 spa u
035 ## - NÚMERO DE CONTROL DEL SISTEMA
Número de control de sistema UPN01000062201
222 ## - TÍTULO CLAVE
Título clave INVESTIGACION EN LA ESCUELA
245 ## - MENCIÓN DE TÍTULO
Título La atención a la situación del mundo en la situación del mundo en la educación de los futuros ciudadanos y ciudadanas
260 ## - PUBLICACIÓN, DISTRIBUCIÓN, ETC.
Lugar de publicación, distribución, etc. España
300 ## - DESCRIPCIÓN FÍSICA
Extensión 39-56
362 ## - FECHAS DE PUBLICACIÓN Y/O DESIGNACIÓN SECUENCIAL
Fecha de publicación y/o designación secuencial 2000 No. 4
653 0# - TERMINO DE INDIZACION - NO CONTROLADO
Término no controlado EDUCACION FORMAL
653 0# - TERMINO DE INDIZACION - NO CONTROLADO
Término no controlado ESTRATEGIAS DE ENSEÑANZA
653 0# - TERMINO DE INDIZACION - NO CONTROLADO
Término no controlado PRACTICA DOCENTE
700 ## - ASIENTO SECUNDARIO--NOMBRE DE PERSONAL
Nombre de persona GIL PEREZ, Daniel. coaut.
904 ## - ELEMENTOS DE DATOS D LOCAL, LDD (RLIN)
a AC
b 000012
905 ## - TIPO DE MATERIAL
Tipo de material Articulo

No items available.